Miasta w województwie dolnośląskim - Statystyki

Ogólne statystyki
  • Ten quiz został rozwiązany 83 razy
  • Średni wynik to 5 z 7
Statystyki odpowiedzi
Miasto Liczba ludności % Poprawnych
Wrocław 674 079
100%
Legnica 93 040
89%
Wałbrzych 101 857
79%
Jelenia Góra 75 794
69%
Lubin 68 407
69%
Głogów 62 886
67%
Świdnica 53 423
49%
Nie znaleziono quizów pasujących do podanych kryteriów
Rozkład punktacji
Procent ludzi z każdym wynikiem
Percentyl według liczby udzielonych odpowiedzi
Twoja historia wyników
Nie rozwiązałeś tego quizu